| 000 | 00671nam a22002057a 4500 | ||
|---|---|---|---|
| 005 | 20220125115457.0 | ||
| 008 | 220125b mx ||||| |||| 00| 0 spa d | ||
| 020 | _a8423101274 | ||
| 050 | 0 | 4 |
_aSB293 _bC37 1973 |
| 100 | 1 | _aCaron, Michel | |
| 245 | 1 | 0 |
_aPlantas medicinales / _cpor Michel Caron y Henry Clos Jouvé ; traducción de Rafael Candel Vila |
| 250 | _a1a ed. | ||
| 260 |
_aBarcelona : _bEdiciones Daimon : _bManuel Tamayo, _c1973 |
||
| 300 |
_a159 p. : _bil. ; _c15 cm. |
||
| 500 | _aIncluye indice | ||
| 650 | 7 |
_2lemb _aPlantas medicinales |
|
| 700 | 1 |
_a Clos Jouvé, Henry _eautor |
|
| 700 | 1 |
_a Candel Vila, Rafael _etraductor |
|
| 942 |
_2lcc _cLIB |
||
| 999 |
_c159955 _d159953 |
||